| 000 | 00000nam##2200000za#4500 |
| 001 | 9.699706 |
| 003 | CaOODSP |
| 005 | 20220901140054 |
| 007 | cr ||||||||||| |
| 008 | 150407|2012||||xxc|||||o f|0| 0 eng|d |
| 020 | |a978-1-100-24866-0 |
| 040 | |aCaOODSP|beng |
| 043 | |an-cn--- |
| 086 | 1 |aJ2-401/2012E-PDF |
| 110 | 1 |aCanada.|bJustice Canada. |
| 245 | 10|aLegal definitions of elder abuse and neglect / |h[electronic resource]|cPrepared by: Krista James, LL.B. |
| 260 | |aOttawa - Ontario : |bJustice Canada |cc2012. |
| 300 | |a117p.|breferences, tables |
| 590 | |a15-01-Supp|b2015-01-26 |
| 690 | 07|aElder abuse|2gcpds |
| 775 | 08|tDéfinitions juridiques de la négligence et des mauvais traitements envers les aînés / |w(CaOODSP)9.643682 |
| 856 | 40|ahttp://publications.gc.ca|qPDF|s795 KB|uhttps://publications.gc.ca/collections/collection_2014/jus/J2-401-2012-eng.pdf |